[Event "V Floripa Chess Open 2019"]
[Site "Florianopolis/SC"]
[Date "2019.01.25"]
[Round "7.29"]
[White "Tomiello, Mateus Costamilan"]
[Black "Caldeira, Adriano"]
[Result "0-1"]
[WhiteElo "2004"]
[BlackElo "2157"]
[PlyCount "66"]
[EventDate "2019.01.21"]
[EventRounds "10"]
[EventCountry "BRA"]

1. e4 c5 2. Nf3 Nc6 3. d4 cxd4 4. Nxd4 g6 5. Nc3 Nf6 6. Be3 Bg7 7. Bc4 O-O 8. Bb3 d6 9. f3 Nxd4 10. Bxd4 Bd7 11. h4 b5 12. h5 a5 13. hxg6 hxg6 14. Nd5 e6 15. Bb6 Qe8 16. Nc7 Qb8 17. Nxa8 a4 18. Bc7 Qxa8 19. Bxd6 Rc8 20. c3 axb3 21. Qxb3 Nxe4 22. fxe4 Qxe4+ 23. Kf2 Bd4+ 24. cxd4 Rc2+ 25. Qxc2 Qxc2+ 26. Ke3 Bc6 27. Be5 f6 28. Bxf6 Qe4+ 29. Kd2 Qf4+ 30. Kd3 Qxf6 31. Rae1 Bxg2 32. Rhg1 Qf2 33. a3 Bd5 0-1

[Event "V Floripa Chess Open 2019"]
[Site "Florianopolis/SC"]
[Date "2019.01.25"]
[Round "7.30"]
[White "Souza, Adwilhans Luciano"]
[Black "Woichinevski, Joao Vinicius Peru"]
[Result "1-0"]
[WhiteElo "2368"]
[BlackElo "1528"]
[PlyCount "43"]
[EventDate "2019.01.21"]
[EventRounds "10"]
[EventCountry "BRA"]

1. e4 e5 2. Nf3 Nc6 3. Bb5 a6 4. Bxc6 dxc6 5. O-O Bd6 6. d4 f6 7. dxe5 fxe5 8. Nxe5 Ne7 9. Nd3 Ng6 10. f4 O-O 11. Nc3 Qe7 12. Qe1 Bd7 13. e5 Bc5+ 14. Be3 Bxe3+ 15. Qxe3 Nh4 16. Rae1 Nf5 17. Qe4 Rae8 18. g4 Nh6 19. f5 Qh4 20. e6 Nxg4 21. Qf4 Qh5 22. exd7 1-0

[Event "V Floripa Chess Open 2019"]
[Site "Florianopolis/SC"]
[Date "2019.01.25"]
[Round "7.31"]
[White "De Oliveira, Gustavo Alfredo Bue"]
[Black "Menna Barreto, Luiz Ney"]
[Result "0-1"]
[WhiteElo "2052"]
[BlackElo "2327"]
[PlyCount "112"]
[EventDate "2019.01.21"]
[EventRounds "10"]
[EventCountry "BRA"]

1. d4 Nf6 2. c4 e6 3. g3 d5 4. Nf3 Be7 5. Bg2 O-O 6. O-O c6 7. Nbd2 Nbd7 8. Qc2 b6 9. e4 dxe4 10. Nxe4 Nxe4 11. Qxe4 Bb7 12. Bf4 Rc8 13. Rfd1 Ba8 14. Qe2 Re8 15. Rac1 Bf8 16. Qc2 Bb7 17. Ng5 g6 18. c5 Nf6 19. Ne4 Nxe4 20. Bxe4 b5 21. a4 a6 22. Ra1 Ra8 23. h4 Bg7 24. Bd6 Qd7 25. b4 Red8 26. Ra3 Qe8 27. Re3 Rac8 28. h5 Rxd6 29. cxd6 Qd7 30. hxg6 hxg6 31. Ra3 bxa4 32. Rxa4 Qxd6 33. Qc5 Rd8 34. Ra2 Bxd4 35. Qxd6 Rxd6 36. Kg2 Kf8 37. f4 Bc5 38. Rb1 Bb6 39. Rc2 Ke7 40. Kf1 Kd7 41. Ke2 Kc7 42. Bd3 Rd5 43. Rh1 Bd4 44. Rh7 Rd7 45. Be4 e5 46. Rd2 Re7 47. Kf3 Bc3 48. Rd3 Bxb4 49. fxe5 f5 50. Rxe7+ Bxe7 51. Bxf5 gxf5 52. Kf4 Bc8 53. Re3 Bc5 54. Re1 a5 55. Rb1 a4 56. Kf3 a3 0-1

[Event "V Floripa Chess Open 2019"]
[Site "Florianopolis/SC"]
[Date "2019.01.25"]
[Round "7.32"]
[White "De Borba, Guilherme"]
[Black "Do Nascimento, Christian Almeida"]
[Result "1-0"]
[WhiteElo "2293"]
[BlackElo "2029"]
[PlyCount "83"]
[EventDate "2019.01.21"]
[EventRounds "10"]
[EventCountry "BRA"]

1. e4 c5 2. Nf3 Nc6 3. d4 cxd4 4. Nxd4 g6 5. Nc3 Bg7 6. Be3 Nf6 7. Nxc6 dxc6 8. Qxd8+ Kxd8 9. O-O-O+ Ke8 10. f3 Be6 11. Ne2 Bc4 12. b3 Ba6 13. c4 e5 14. g3 b6 15. Bg2 Bb7 16. Kc2 Rd8 17. Nc1 Ke7 18. Nd3 Nd7 19. c5 Ba6 20. Nb4 Bb7 21. cxb6 axb6 22. Bh3 c5 23. Nd5+ Bxd5 24. Rxd5 Nb8 25. Rhd1 Rxd5 26. exd5 Kd6 27. Bf1 Nd7 28. Bb5 Ra8 29. a4 Nb8 30. Kd3 Na6 31. Bxa6 Rxa6 32. Kc4 Ra8 33. Bd2 f5 34. g4 fxg4 35. fxg4 Rf8 36. b4 Rf3 37. a5 cxb4 38. Bxb4+ Kd7 39. axb6 e4 40. b7 Be5 41. d6 Rf8 42. Kd5 1-0

[Event "V Floripa Chess Open 2019"]
[Site "Florianopolis/SC"]
[Date "2019.01.25"]
[Round "7.33"]
[White "Cadilhac, Igor Tokuichi Kikuc"]
[Black "Heinechen, John"]
[Result "1-0"]
[WhiteElo "2277"]
[BlackElo "2002"]
[PlyCount "65"]
[EventDate "2019.01.21"]
[EventRounds "10"]
[EventCountry "BRA"]

1. e4 e6 2. d4 d5 3. Nd2 Nf6 4. e5 Nfd7 5. Bd3 c5 6. c3 Nc6 7. Ne2 cxd4 8. cxd4 f6 9. exf6 Nxf6 10. O-O Bd6 11. Nf3 O-O 12. Re1 e5 13. dxe5 Nxe5 14. Nxe5 Bxe5 15. h3 Bxh3 16. gxh3 Ng4 17. Nf4 Nxf2 18. Bxh7+ Kxh7 19. Qh5+ Kg8 20. Qxe5 Qh4 21. Qxd5+ Rf7 22. Be3 Rd8 23. Bxf2 Qxf2+ 24. Kxf2 Rxd5 25. Re8+ Kh7 26. Ke3 Rdf5 27. Re4 a5 28. Ne6 Kg6 29. Rh1 Rf3+ 30. Kd4 Rd7+ 31. Kc4 Kf5 32. Rd4 Rf7 33. Nc5 1-0

[Event "V Floripa Chess Open 2019"]
[Site "Florianopolis/SC"]
[Date "2019.01.25"]
[Round "7.34"]
[White "Moreira, Ronaldo Alonso"]
[Black "Pereira, Silvio Cunha"]
[Result "0-1"]
[WhiteElo "2043"]
[BlackElo "2258"]
[PlyCount "46"]
[EventDate "2019.01.21"]
[EventRounds "10"]
[EventCountry "BRA"]

1. d4 Nf6 2. c4 g6 3. Nc3 Bg7 4. e4 O-O 5. Nf3 d6 6. h3 Nbd7 7. Bg5 h6 8. Be3 c5 9. d5 b5 10. cxb5 a6 11. bxa6 Qa5 12. Bd2 Bxa6 13. Qc2 Bxf1 14. Kxf1 Rfb8 15. Rb1 Nb6 16. b3 Ne8 17. h4 Qa6+ 18. Kg1 c4 19. Kh2 cxb3 20. Rxb3 Rc8 21. Qb1 Nc4 22. Qd3 Nxd2 23. Qxd2 Qc4 0-1

[Event "V Floripa Chess Open 2019"]
[Site "Florianopolis/SC"]
[Date "2019.01.25"]
[Round "7.35"]
[White "Almeida Junior, Alvaro Alves De"]
[Black "Librelato, Kathie Goulart"]
[Result "0-1"]
[WhiteElo "2039"]
[BlackElo "2187"]
[PlyCount "45"]
[EventDate "2019.01.21"]
[EventRounds "10"]
[EventCountry "BRA"]

1. e4 d6 2. d4 g6 3. Bc4 Bg7 4. Nf3 a6 5. a4 e6 6. O-O Ne7 7. Be3 O-O 8. Qd2 Nd7 9. Nc3 b6 10. Bh6 Bb7 11. Rad1 Re8 12. Qf4 Nc6 13. Rfe1 Bxh6 14. Qxh6 Qf6 15. Bb3 Rad8 16. e5 dxe5 17. d5 exd5 18. Nxe5 Qg7 19. Qh3 Nf6 20. Nxf7 Re7 21. Nxd5 Nxd5 22. Bxd5 Rde8 23. Be6 0-1

[Event "V Floripa Chess Open 2019"]
[Site "Florianopolis/SC"]
[Date "2019.01.25"]
[Round "7.36"]
[White "Chang, Suzana"]
[Black "Bueno, Alfeu Junior Varela"]
[Result "0-1"]
[WhiteElo "1990"]
[BlackElo "2179"]
[PlyCount "82"]
[EventDate "2019.01.21"]
[EventRounds "10"]
[EventCountry "BRA"]

1. d4 f5 2. g3 Nf6 3. Bg2 g6 4. b3 Bg7 5. Bb2 O-O 6. Nf3 Ne4 7. Nfd2 d5 8. f3 Nxd2 9. Qxd2 c5 10. e3 Nc6 11. f4 e6 12. O-O b5 13. c4 cxd4 14. exd4 bxc4 15. bxc4 Rb8 16. Bc3 Ba6 17. Re1 Bxc4 18. Rxe6 Qd7 19. Re1 Qd6 20. Qf2 Nb4 21. Rd1 Rfe8 22. Nd2 Be2 23. Bxb4 Rxb4 24. Nf3 Bxf3 25. Bxf3 Qb6 26. Bxd5+ Kh8 27. Bf7 Re7 28. Bb3 Bxd4 29. Rxd4 Qxd4 30. Rd1 Qxf2+ 31. Kxf2 Rb8 32. Rd2 Kg7 33. Kf3 a5 34. Rd4 h6 35. h3 Rbe8 36. Rd3 Re4 37. g4 fxg4+ 38. hxg4 g5 39. f5 Rf4+ 40. Kg3 Ree4 41. Rd7+ Kf8 0-1

[Event "V Floripa Chess Open 2019"]
[Site "Florianopolis/SC"]
[Date "2019.01.25"]
[Round "7.37"]
[White "Acosta, Pablo Alejandro"]
[Black "Januario, Severino Pereira"]
[Result "1-0"]
[WhiteElo "1981"]
[BlackElo "2173"]
[PlyCount "77"]
[EventDate "2019.01.21"]
[EventRounds "10"]
[EventCountry "BRA"]

1. d4 Nf6 2. Nf3 g6 3. e3 Bg7 4. Be2 O-O 5. O-O d5 6. b4 b6 7. Bb2 Bb7 8. Nbd2 Nbd7 9. a4 c5 10. dxc5 bxc5 11. b5 Qc7 12. c4 e6 13. a5 Rac8 14. Qc2 Qb8 15. Rfb1 Rfd8 16. Bc3 e5 17. cxd5 Nxd5 18. e4 Nxc3 19. Qxc3 Nf6 20. Ra4 h6 21. h3 Rd4 22. Nxd4 cxd4 23. Qf3 Rc2 24. a6 Ba8 25. Rc4 Rxd2 26. Rbc1 Kh7 27. Rc8 Qd6 28. Rxa8 d3 29. Bf1 Rc2 30. Rxc2 dxc2 31. Qc3 c1=Q 32. Qxc1 Nxe4 33. Qc8 h5 34. Qg8+ Kh6 35. Qxf7 Bf6 36. Qf8+ Qxf8 37. Rxf8 Be7 38. Rf7 Bf6 39. Bd3 1-0

[Event "V Floripa Chess Open 2019"]
[Site "Florianopolis/SC"]
[Date "2019.01.25"]
[Round "7.38"]
[White "Borges, Guilherme Deola"]
[Black "Barreiros Da Silva, Denison Klein"]
[Result "1-0"]
[WhiteElo "2171"]
[BlackElo "1990"]
[PlyCount "41"]
[EventDate "2019.01.21"]
[EventRounds "10"]
[EventCountry "BRA"]

1. d4 Nf6 2. c4 g6 3. Nc3 Bg7 4. e4 d6 5. f3 O-O 6. Bg5 h6 7. Be3 e5 8. d5 Nbd7 9. Qd2 Kh7 10. Nge2 a5 11. g4 Ne8 12. h4 f5 13. exf5 gxf5 14. gxf5 Nc5 15. Ng3 Qe7 16. O-O-O b6 17. Nce4 Nf6 18. Ng5+ hxg5 19. hxg5+ Kg8 20. Qh2 Bd7 21. Be2 1-0

[Event "V Floripa Chess Open 2019"]
[Site "Florianopolis/SC"]
[Date "2019.01.25"]
[Round "7.39"]
[White "Soares, Renan Barbosa Monte"]
[Black "Starke, Bruno Orlando"]
[Result "0-1"]
[WhiteElo "1972"]
[BlackElo "2170"]
[PlyCount "42"]
[EventDate "2019.01.21"]
[EventRounds "10"]
[EventCountry "BRA"]

1. d4 d5 2. c4 e6 3. Nf3 c6 4. Nc3 dxc4 5. a4 Bb4 6. e3 b5 7. axb5 cxb5 8. Bd2 Bxc3 9. Bxc3 Bb7 10. b3 a5 11. bxc4 b4 12. Bb2 Nf6 13. Bd3 O-O 14. O-O Nbd7 15. Qc2 Bxf3 16. gxf3 Qc7 17. f4 Rfb8 18. f3 a4 19. e4 a3 20. c5 axb2 21. Rxa8 Rxa8 0-1

[Event "V Floripa Chess Open 2019"]
[Site "Florianopolis/SC"]
[Date "2019.01.25"]
[Round "7.40"]
[White "De Lima, Alexsandro Barros"]
[Black "Mota, Romulo Rodrigues"]
[Result "1-0"]
[WhiteElo "2168"]
[BlackElo "1993"]
[PlyCount "50"]
[EventDate "2019.01.21"]
[EventRounds "10"]
[EventCountry "BRA"]

1. e4 e6 2. Qe2 c5 3. Nf3 Nc6 4. c3 b6 5. d4 d6 6. d5 Nce7 7. c4 e5 8. Nc3 f5 9. g3 Nf6 10. Bg2 Neg8 11. exf5 Bxf5 12. h3 a6 13. Nh4 Qd7 14. f4 e4 15. O-O Qe7 16. Re1 O-O-O 17. a4 Nh6 18. a5 b5 19. cxb5 axb5 20. Nxb5 Nxd5 21. a6 Be6 22. a7 Nb6 23. Bd2 Re8 24. Ra6 Kb7 25. Rea1 Na8 1-0

[Event "V Floripa Chess Open 2019"]
[Site "Florianopolis/SC"]
[Date "2019.01.25"]
[Round "7.41"]
[White "Rueda, Joaquin"]
[Black "Trois, Francisco R.T."]
[Result "1-0"]
[WhiteElo "1961"]
[BlackElo "2163"]
[PlyCount "24"]
[EventDate "2019.01.21"]
[EventRounds "10"]
[EventCountry "BRA"]

1. c4 g6 2. d4 Bg7 3. Nc3 d6 4. f4 a6 5. Nf3 Bg4 6. Be3 Nc6 7. Bf2 e5 8. fxe5 dxe5 9. d5 Bxf3 10. exf3 Nd4 11. Ne2 Nxf3+ 12. gxf3 Bh6 1-0

[Event "V Floripa Chess Open 2019"]
[Site "Florianopolis/SC"]
[Date "2019.01.25"]
[Round "7.42"]
[White "Luz, Arthur Nader"]
[Black "Tomiello, Lucas Costamilan"]
[Result "1-0"]
[WhiteElo "2154"]
[BlackElo "1990"]
[PlyCount "101"]
[EventDate "2019.01.21"]
[EventRounds "10"]
[EventCountry "BRA"]

1. d4 Nf6 2. Bf4 g6 3. Nc3 d5 4. e3 Bg7 5. h4 h5 6. Be2 O-O 7. Nf3 c5 8. Ne5 Nc6 9. f3 cxd4 10. exd4 Qb6 11. Nxc6 bxc6 12. Qd2 Qxb2 13. Rb1 Qa3 14. O-O e6 15. Be5 Nd7 16. Bxg7 Kxg7 17. f4 Ba6 18. Rb3 Qa5 19. Rf3 Bxe2 20. Qxe2 Rab8 21. Rg3 Rxb3 22. axb3 Rc8 23. Na4 Qb4 24. Qe3 Qe7 25. Rf3 Kg8 26. Qf2 Rb8 27. Rc3 Rb4 28. Qd2 Nf6 29. Rc5 Rxa4 30. bxa4 Ne4 31. Qe3 Nxc5 32. dxc5 Qd8 33. g3 Qa5 34. f5 gxf5 35. Qg5+ Kf8 36. Kf2 Qc7 37. Kg2 Qe7 38. Qh6+ Ke8 39. Qh8+ Qf8 40. Qxh5 Qxc5 41. Qh8+ Ke7 42. c3 Qe3 43. h5 c5 44. h6 d4 45. cxd4 cxd4 46. h7 d3 47. Qb2 d2 48. Qb4+ Kd7 49. Qb5+ Kc7 50. h8=Q Qe4+ 51. Kh2 1-0

[Event "V Floripa Chess Open 2019"]
[Site "Florianopolis/SC"]
[Date "2019.01.25"]
[Round "7.43"]
[White "Guimaraes, Artemis Pamela"]
[Black "Awoki, Daniel Teidi"]
[Result "0-1"]
[WhiteElo "1938"]
[BlackElo "2143"]
[PlyCount "54"]
[EventDate "2019.01.21"]
[EventRounds "10"]
[EventCountry "BRA"]

1. e4 c5 2. Nf3 e6 3. d4 cxd4 4. Nxd4 Nc6 5. Nc3 Qc7 6. f4 Nxd4 7. Qxd4 a6 8. Be3 b5 9. Bd3 Bb7 10. O-O-O Rc8 11. Kb1 Nf6 12. e5 Nd5 13. Ne4 Nxe3 14. Qxe3 Bd5 15. Qd2 b4 16. Rhe1 Be7 17. Nd6+ Bxd6 18. exd6 Qa5 19. b3 O-O 20. Re5 f6 21. Rh5 g6 22. Bxg6 hxg6 23. Qd3 Kg7 24. Qg3 Rxc2 25. Kxc2 Qxa2+ 26. Kd3 Qxb3+ 27. Ke2 Qxg3 0-1

[Event "V Floripa Chess Open 2019"]
[Site "Florianopolis/SC"]
[Date "2019.01.25"]
[Round "7.44"]
[White "Hopka, Matheus Marchesi"]
[Black "Do Valle Cardoso, Lucas"]
[Result "0-1"]
[WhiteElo "1933"]
[BlackElo "2143"]
[PlyCount "74"]
[EventDate "2019.01.21"]
[EventRounds "10"]
[EventCountry "BRA"]

1. d4 Nf6 2. Bg5 Ne4 3. Bf4 c5 4. f3 Qa5+ 5. c3 Nf6 6. d5 Qb6 7. b3 e6 8. c4 exd5 9. cxd5 c4 10. Qc2 Qd4 11. Bd2 Nxd5 12. Nc3 Bb4 13. Rc1 cxb3 14. Qxb3 Bxc3 15. Bxc3 Nxc3 16. Rxc3 O-O 17. e3 Qh4+ 18. g3 Qe7 19. Kf2 Nc6 20. Bd3 d6 21. Be4 Ne5 22. Qc2 g6 23. Rc7 Qf6 24. Kg2 Be6 25. Qb2 Rac8 26. Rxb7 Rc4 27. Rxa7 Rfc8 28. Ra8 Rxa8 29. Bxa8 Ra4 30. Qb8+ Kg7 31. Ne2 Rxa2 32. Re1 Nd3 33. Rd1 Rxe2+ 34. Kf1 Rxe3 35. Qb7 Bh3+ 36. Kg1 Qd4 37. Qd5 Re1# 0-1

[Event "V Floripa Chess Open 2019"]
[Site "Florianopolis/SC"]
[Date "2019.01.25"]
[Round "7.46"]
[White "De Carvalho, Christopher"]
[Black "Bassani, Jaison Jose"]
[Result "1-0"]
[WhiteElo "2131"]
[BlackElo "1959"]
[PlyCount "53"]
[EventDate "2019.01.21"]
[EventRounds "10"]
[EventCountry "BRA"]

1. d4 d6 2. Nf3 g6 3. c4 f5 4. g3 Bg7 5. Bg2 Nf6 6. O-O O-O 7. Nc3 Qe8 8. b3 c6 9. Ba3 a5 10. Ne1 g5 11. e4 f4 12. e5 dxe5 13. dxe5 Ng4 14. Nf3 Nxe5 15. Nxe5 Bxe5 16. Nd5 Be6 17. Nxe7+ Kg7 18. Re1 Nd7 19. Rxe5 Nxe5 20. Qd4 Qf7 21. Re1 Rad8 22. Qxe5+ Qf6 23. Nxc6 fxg3 24. Bxf8+ Rxf8 25. fxg3 bxc6 26. Qxe6 Qf2+ 27. Kh1 1-0

[Event "V Floripa Chess Open 2019"]
[Site "Florianopolis/SC"]
[Date "2019.01.25"]
[Round "7.47"]
[White "Federzoni, Enzo"]
[Black "Pirola, Claudionor Alcides "]
[Result "0-1"]
[WhiteElo "1930"]
[BlackElo "2130"]
[PlyCount "72"]
[EventDate "2019.01.21"]
[EventRounds "10"]
[EventCountry "BRA"]

1. e4 d6 2. d4 g6 3. Nc3 Bg7 4. f4 Nf6 5. Nf3 O-O 6. e5 dxe5 7. fxe5 Nd5 8. Bc4 Be6 9. Bb3 c5 10. Bxd5 Bxd5 11. dxc5 Bxf3 12. Qxf3 Nc6 13. Bf4 Qd4 14. Rd1 Qxc5 15. Rd5 Qb6 16. b3 e6 17. Rd6 Rac8 18. Na4 Qa5+ 19. Rd2 Nxe5 20. Qe2 Rxc2 21. O-O Rxd2 22. Bxd2 Qd5 23. Kh1 h6 24. Re1 Nd3 25. Rf1 Rd8 26. Nc3 Bxc3 27. Bxc3 e5 28. Qe3 Nf4 29. Rg1 Re8 30. h3 a6 31. Kh2 Qd3 32. Qxd3 Nxd3 33. Rd1 e4 34. Kg1 f5 35. Rd2 Kf7 36. Bd4 Rc8 0-1

[Event "V Floripa Chess Open 2019"]
[Site "Florianopolis/SC"]
[Date "2019.01.25"]
[Round "7.48"]
[White "Dos Santos Junior, Haroldo Cunha"]
[Black "Takano, Nicholas Ryo"]
[Result "1/2-1/2"]
[WhiteElo "2129"]
[BlackElo "1954"]
[PlyCount "87"]
[EventDate "2019.01.21"]
[EventRounds "10"]
[EventCountry "BRA"]

1. d4 Nf6 2. Bg5 g6 3. Bxf6 exf6 4. c4 Bg7 5. e4 O-O 6. Nc3 d6 7. h4 h5 8. Bd3 Re8 9. Nge2 c5 10. d5 Nd7 11. f4 Nb6 12. Qc2 Bg4 13. O-O-O Qe7 14. Rde1 Nd7 15. Kb1 a6 16. Ng3 f5 17. Be2 Bxe2 18. Rxe2 fxe4 19. Ncxe4 Qf8 20. Rhe1 Rab8 21. f5 Be5 22. fxg6 fxg6 23. Ng5 Qh6 24. N3e4 Rf8 25. Qd3 b5 26. Nxd6 Bxd6 27. Re6 Rf6 28. Rxf6 Nxf6 29. Re6 bxc4 30. Qf3 Qg7 31. Qxf6 Qxf6 32. Rxf6 Rxb2+ 33. Kc1 Be5 34. Rxg6+ Kf8 35. Re6 Bd4 36. d6 Rb7 37. Kc2 Rb2+ 38. Kd1 Rb7 39. Re4 Rb1+ 40. Kc2 Rb2+ 41. Kc1 Rb7 42. Ne6+ Kg8 43. Nxd4 cxd4 44. Rxd4 1/2-1/2

[Event "V Floripa Chess Open 2019"]
[Site "Florianopolis/SC"]
[Date "2019.01.25"]
[Round "7.49"]
[White "Osipi, Jair"]
[Black "Araujo, Renan Aparecido"]
[Result "1-0"]
[WhiteElo "2126"]
[BlackElo "1940"]
[PlyCount "113"]
[EventDate "2019.01.21"]
[EventRounds "10"]
[EventCountry "BRA"]

1. d4 Nf6 2. c4 g6 3. g3 Bg7 4. Bg2 O-O 5. Nf3 d6 6. O-O Nc6 7. d5 Na5 8. Nfd2 c5 9. a3 b6 10. Qc2 Bd7 11. Nc3 Qc7 12. b3 a6 13. a4 Rab8 14. Qa2 Qc8 15. Qc2 Qc7 16. Qa2 Qc8 17. Re1 Bh3 18. Bh1 Ng4 19. Qc2 h6 20. Bg2 Nf6 21. Bb2 Bxg2 22. Kxg2 e5 23. e3 Nh5 24. h3 f5 25. f4 g5 26. Ne2 gxf4 27. exf4 e4 28. Bxg7 Nxg7 29. Nf1 Qe8 30. Qc3 Qg6 31. Ne3 Kh7 32. Kh2 Rg8 33. Rg1 h5 34. Ng2 Rgf8 35. Rgc1 Qf6 36. Qxf6 Rxf6 37. Rc3 Rf7 38. Nc1 Kg6 39. Rc2 Rc7 40. Kg1 Kf6 41. Kf2 Ne8 42. Rca2 Rg7 43. Rb1 Rc7 44. Ne2 Ra7 45. Nc3 Nc7 46. Ne3 Nb7 47. g4 hxg4 48. hxg4 fxg4 49. Nxe4+ Ke7 50. Rh1 g3+ 51. Kxg3 Rg8+ 52. Kf3 Ne8 53. Rh7+ Kd8 54. Nf5 Rg6 55. Rg2 Rxg2 56. Kxg2 b5 57. Kf3 1-0

[Event "V Floripa Chess Open 2019"]
[Site "Florianopolis/SC"]
[Date "2019.01.25"]
[Round "7.50"]
[White "Cordioli, Jairo Ribeiro"]
[Black "Fabrega, Enrique"]
[Result "1/2-1/2"]
[WhiteElo "1872"]
[BlackElo "2125"]
[PlyCount "61"]
[EventDate "2019.01.21"]
[EventRounds "10"]
[EventCountry "BRA"]

1. d4 Nf6 2. c4 c5 3. d5 e6 4. Nc3 exd5 5. cxd5 d6 6. e4 g6 7. Nf3 Bg7 8. Bb5+ Nbd7 9. O-O O-O 10. h3 a6 11. Bxd7 Nxd7 12. Re1 Re8 13. Bf4 Qe7 14. a4 Rb8 15. Qd3 Ne5 16. Nxe5 Bxe5 17. Bxe5 Qxe5 18. Qg3 Qxg3 19. fxg3 b5 20. axb5 axb5 21. g4 h6 22. Ra5 b4 23. Nd1 Bb7 24. Rb5 Re7 25. Rb6 Rbe8 26. Rxd6 Rxe4 27. Rxe4 Rxe4 28. Kf2 Rd4 29. Ne3 Rd2+ 30. Kf3 Kg7 31. Ke4 1/2-1/2

[Event "V Floripa Chess Open 2019"]
[Site "Florianopolis/SC"]
[Date "2019.01.25"]
[Round "7.52"]
[White "Poeta, Caio Medeiros"]
[Black "Maiberg, Wellington Gubiani"]
[Result "1/2-1/2"]
[WhiteElo "2110"]
[BlackElo "1935"]
[PlyCount "106"]
[EventDate "2019.01.21"]
[EventRounds "10"]
[EventCountry "BRA"]

1. d4 Nf6 2. c4 c5 3. Nf3 e6 4. g3 cxd4 5. Nxd4 d5 6. Bg2 e5 7. Nf3 d4 8. O-O Nc6 9. e3 Bg4 10. Qb3 Qb6 11. exd4 Bxf3 12. Bxf3 Nxd4 13. Qa4+ Nd7 14. Bg2 O-O-O 15. Nc3 Nc5 16. Qd1 Qg6 17. Nd5 Nc2 18. Rb1 Na3 19. Ra1 Nc2 20. Bg5 Rxd5 21. Qxd5 Qxg5 22. Rac1 Nb4 23. Qxf7 Be7 24. h4 Qf6 25. Qh5 Rd8 26. Rcd1 Nbd3 27. Rd2 g6 28. Qd1 Qe6 29. Bd5 Qf5 30. a3 a5 31. Kg2 e4 32. Qe2 Qf3+ 33. Qxf3 exf3+ 34. Kxf3 Bf6 35. b4 axb4 36. axb4 Nxb4 37. Rfd1 Bc3 38. Re2 Nbd3 39. Rb1 Kc7 40. Re7+ Kd6 41. Rxh7 Rf8+ 42. Kg4 Nxf2+ 43. Kg5 Nce4+ 44. Bxe4 Nxe4+ 45. Kh6 Nc5 46. Rb6+ Ke5 47. Rxg6 Kd4 48. Rg4+ Kd3 49. Rc7 Bd4 50. h5 Rh8+ 51. Kg6 Rg8+ 52. Kf5 Rf8+ 53. Kg6 Rg8+ 1/2-1/2

[Event "V Floripa Chess Open 2019"]
[Site "Florianopolis/SC"]
[Date "2019.01.25"]
[Round "7.53"]
[White "Diaz, Fernando"]
[Black "Peixoto, Rudson Marinho"]
[Result "1-0"]
[WhiteElo "2095"]
[BlackElo "1931"]
[PlyCount "117"]
[EventDate "2019.01.21"]
[EventRounds "10"]
[EventCountry "BRA"]

1. e4 c5 2. Nf3 Nf6 3. e5 Nd5 4. c3 e6 5. d4 cxd4 6. cxd4 d6 7. a3 Nc6 8. Bd3 dxe5 9. dxe5 Be7 10. O-O O-O 11. Qe2 a6 12. Rd1 Qc7 13. Bd2 b5 14. Nc3 Bb7 15. Rac1 Nxc3 16. Rxc3 Rac8 17. Qe4 g6 18. Qg4 Rfd8 19. h4 b4 20. axb4 Bxb4 21. Rxc6 Qxc6 22. Bxb4 Qa4 23. Rd2 a5 24. Qg5 Qxb4 25. Bxg6 Rxd2 26. Bh5+ Kf8 27. Nxd2 Qe7 28. Qh6+ Ke8 29. Qxh7 Rc1+ 30. Nf1 Ba6 31. g3 Rxf1+ 32. Kg2 Re1 33. Qg8+ Kd7 34. Qa8 Bf1+ 35. Kh2 Qc5 36. Qb7+ Qc7 37. Qf3 Qxe5 38. Qxf7+ Kd6 39. Qf8+ Kc7 40. Qe7+ Kb6 41. Bf3 Qc7 42. Qf6 Bb5 43. Qd4+ Ka6 44. h5 Rc1 45. h6 e5 46. Qe4 Rc4 47. Qa8+ Kb6 48. Qg8 Qd6 49. h7 Qh6+ 50. Kg2 Rc1 51. Qb8+ Kc5 52. Qxe5+ Kb6 53. Qb8+ Kc5 54. Qa7+ Kb4 55. Qd4+ Kb3 56. Bd5+ Kc2 57. Qc3+ Kd1 58. Bf3+ Be2 59. Qd3+ 1-0

[Event "V Floripa Chess Open 2019"]
[Site "Florianopolis/SC"]
[Date "2019.01.25"]
[Round "7.54"]
[White "Souza Neves, Andrey M."]
[Black "Marques, Eudes Pinto"]
[Result "1-0"]
[WhiteElo "2086"]
[BlackElo "1896"]
[PlyCount "101"]
[EventDate "2019.01.21"]
[EventRounds "10"]
[EventCountry "BRA"]

1. d4 Nf6 2. c4 e6 3. Nc3 d5 4. cxd5 exd5 5. Bg5 c6 6. e3 Be7 7. Bd3 O-O 8. Qc2 Nbd7 9. Nf3 Re8 10. O-O Nf8 11. h3 Be6 12. Rae1 N6d7 13. Bf4 Ng6 14. Bg3 Rc8 15. Qb1 a6 16. b4 Qb6 17. a3 a5 18. Na4 Qd8 19. Nc5 Nxc5 20. bxc5 Rc7 21. Qb6 Rd7 22. Qxd8 Bxd8 23. Rb1 f6 24. Rb2 Rf7 25. Nd2 Bc8 26. Nb1 Bc7 27. Bxc7 Rxc7 28. Nd2 Bd7 29. Rfb1 Rb8 30. Rb6 Ne7 31. Ra6 Nc8 32. Rxa5 b5 33. cxb6 Rxb6 34. Rxb6 Nxb6 35. Nb3 g6 36. Nc5 Bc8 37. Kf1 Kf7 38. Ke2 Ke7 39. Kd2 Kd6 40. Kc3 Rg7 41. Na4 Nxa4+ 42. Rxa4 h5 43. Ra8 Bd7 44. a4 g5 45. a5 f5 46. a6 Kc7 47. Ra7+ Kb8 48. Rb7+ Ka8 49. Bxf5 g4 50. Rxd7 gxh3 51. Bxh3 1-0

[Event "V Floripa Chess Open 2019"]
[Site "Florianopolis/SC"]
[Date "2019.01.25"]
[Round "7.55"]
[White "Franca Junior, Jairo"]
[Black "Santos Filho, Tadeu Sousa"]
[Result "0-1"]
[WhiteElo "1816"]
[BlackElo "2086"]
[PlyCount "68"]
[EventDate "2019.01.21"]
[EventRounds "10"]
[EventCountry "BRA"]

1. e4 c6 2. d4 d5 3. exd5 cxd5 4. c4 Nf6 5. Nc3 Nc6 6. Nf3 g6 7. cxd5 Nxd5 8. Bc4 Nb6 9. Bb5 a6 10. Bxc6+ bxc6 11. O-O Bg7 12. Bf4 Bg4 13. h3 Be6 14. Be5 f6 15. Bg3 O-O 16. Re1 Bf7 17. Ne4 Nd7 18. Nc5 Nxc5 19. dxc5 e5 20. Nd2 Qd4 21. Qc2 Rfd8 22. Nb3 Qd3 23. Qxd3 Rxd3 24. Re3 Rxe3 25. fxe3 Rd8 26. Na5 Rd2 27. Nxc6 Bf8 28. b4 Bd5 29. Nb8 Rxg2+ 30. Kf1 Rxg3 31. Rc1 Rxh3 32. Ke2 Rh2+ 33. Kd3 Rxa2 34. e4 Ra3+ 0-1

[Event "V Floripa Chess Open 2019"]
[Site "Florianopolis/SC"]
[Date "2019.01.25"]
[Round "7.56"]
[White "Felix Simoes, Rodrigo"]
[Black "De Oliveira, Guilherme Alfredo B"]
[Result "1/2-1/2"]
[WhiteElo "2083"]
[BlackElo "1893"]
[PlyCount "87"]
[EventDate "2019.01.21"]
[EventRounds "10"]
[EventCountry "BRA"]

1. d4 f5 2. Nf3 e6 3. c4 Bb4+ 4. Nbd2 Nf6 5. a3 Bxd2+ 6. Nxd2 b6 7. e3 Bb7 8. f3 Nh5 9. Bd3 Qh4+ 10. Ke2 O-O 11. b3 c5 12. dxc5 bxc5 13. Bb2 d5 14. cxd5 exd5 15. Qc2 Qg5 16. Kf2 Nd7 17. f4 Qg6 18. Rhe1 d4 19. g3 Rae8 20. exd4 Nxf4 21. Rxe8 Nh3+ 22. Kf1 Rxe8 23. Re1 Rxe1+ 24. Kxe1 Qe6+ 25. Be2 f4 26. Qc4 Bd5 27. Qxd5 Qxd5 28. Bc4 Qxc4 29. Nxc4 fxg3 30. hxg3 Ng5 31. Ke2 Kf7 32. Ke3 g6 33. dxc5 Nxc5 34. b4 Nb7 35. Kf4 Ne6+ 36. Ke5 Ke7 37. Bc1 a6 38. Be3 h5 39. Kd5 Nbd8 40. a4 g5 41. b5 axb5 42. axb5 h4 43. gxh4 gxh4 44. Bf2 1/2-1/2